Photos joueurs de football - Statistiques

Statistiques générales
  • Ce quiz a été pris 100 fois
  • Le résultat moyen est 13 sur 16
Statistiques - réponses
Par images Réponse % Correct
Marcelo
97%
Andrés Iniesta
95%
Gerard Piqué
95%
Bradley Barcola
94%
Tiago Silva
94%
Willian Pacho
93%
Arjen Robben
90%
Alphonso Davies
87%
Eusébio
86%
Axel Witsel
85%
Federico Chiesa
83%
Diego Costa
78%
Leandro Trossard
74%
Dries Mertens
72%
Wesley Sneijder
62%
Michy Batshuayi
53%
Aucun quiz correspondant
Distribution des résultats
% des personnes avec chaque résultat
Percentile par nombre de réponses
Votre historique - résultats
Vous n’avez pas pris ce quiz